2024 World Politics - Statistics

General Stats
  • This quiz has been taken 115 times
  • The average score is 8 of 15
Answer Stats
Hint Answer % Correct
Name one of the two candidates from either major party that ran in the US Presidential election Donald Trump | Kamala Harris
99%
Sweden joined this group of nations in March 2024 NATO
86%
Winning Party in the UK general election Labour Party
81%
Claudia Sheinbaum became the first female President of this Latin American company Mexico
69%
County that Bashar al-Assad escaped to after the fall of Syria in December 2024 Russia
63%
African country in state of civil war, where the UN called a state of famine Sudan
60%
Militia that fell victim to an exploding pager attack Hezbollah
53%
Country whose President died in a helicopter crash Iran
50%
Micro-chip designing company that briefly became the most valuable in the world Nvidia
49%
Name of the President of the European Commission who was re-elected Ursula von der Leyen
49%
Tariff percentage that President Biden placed on Chinese electric vehicle imports into the US {100}%
46%
Nobel Prize Winner Mohammed Yunus became the Chief Advisor in the government of this South Asian country Bangladesh
38%
Region of Russia that Ukrainian forces managed to invade in August 2024 Kursk
33%
According to The Economist, how many people were living in countries that elections were held in 2024? {4.2} billion
20%
Number of days that Michel Barnier served as Prime Minister of France {91} days
10%
No matching quizzes found
Score Distribution
Percent of People with Each Score
Percentile by Number Answered
Your Score History
You have not taken this quiz